000 00612nam a22002057a 4500
999 _c12699
_d12699
003 AR-CdUCM
008 190409b ||||| |||| 00| 0 spa d
040 _aMUNICIPALIDAD PROVINCIAL DEL CUSCO
_cBIBLIOTECA MUNICIPAL DEL CUSCO
082 _aC / 869.56 /
_bP33
100 _aPaz Vizcarra, Miguel
_925111
245 _aHistoria del Silencio /
260 _aCusco :
_bLatorre-Guerra,
_c1968.
300 _bilustraciones,
_c21 cm.
505 _aContenido: Poesías.
650 _aLiteratura Peruana
_9132
650 _aSiglo XX
_98
650 _aPoesía
_9139
942 _2ddc
_cLIBROS
945 _aachl
_d2019-04-09